| 000 | 00595nam a2200205 i 4500 | ||
|---|---|---|---|
| 001 | 19758 | ||
| 003 | ES-MaACL | ||
| 005 | 20230906152147.0 | ||
| 007 | t| | ||
| 008 | 021011s1979 sp |||| | spa d | ||
| 100 | 1 |
_aAbu Al-A'La-Al-Maududi, _918183 |
|
| 245 | 1 | 4 |
_aLas naciones enfermas de la era moderna / _cpor Abu l-A'la al Maududi. |
| 260 |
_a[Granada : _bLa Casa Islámica, _c1979] |
||
| 300 |
_a22 p. ; _c17 cm. |
||
| 650 | 4 |
_aCivilización árabe. _9135779 |
|
| 852 |
_aES-MaACL _j2111-F-2 |
||
| 852 |
_aES-MaACL _j2114-F-4 |
||
| 852 |
_aES-MaACL _j2111-F-10 |
||
| 999 |
_c19758 _d19758 |
||